| 000 | 01232cab a2200217 4500 | ||
|---|---|---|---|
| 001 | ##L135340 | ||
| 008 | 061016n2006 000 0 eng u | ||
| 035 | _a(Sirsi) u135340 | ||
| 041 | 0 | _aeng | |
| 100 | 1 | _aAllen, Becky | |
| 245 | 0 | 0 | _aDust settles as HSC refuses to coat asbestos legislation |
| 260 | _c2006 | ||
| 490 | 0 |
_aHealth and Safety Bulletin _v(352) October 2006, 24-26(3) |
|
| 520 | _aExamines changes to the existing asbestos regime, with the planned introduction of the draft Control of Asbestos at Work Regulations 2006 and accompanying Approved Codes of Practice. Highlights the main areas of controversy; the removal of work with asbestos-containing textured decorative coatings (TCs) from the licensing regime and the issue of 'sporadic and of low intensity exposure'. Looks at the difficulties faced by the HSE in interpreting responses to its consultation and outlines the findings of the Health and Safety Laboratory studies on TCs. | ||
| 590 | _aIKA311006, KA | ||
| 650 | 2 | 4 | _aDRAFT CONTROL OF ASBESTOS AT WORK REGULATIONS 2006 |
| 650 | 2 | 4 | _aCONTROL OF ASBESTOS AT WORK REGULATIONS 2002 |
| 651 | 4 | _aGREAT BRITAIN | |
| 690 | _aMANAGEMENT-HEALTH AND SAFETY-HAZARDOUS SUBSTANCES-ASBESTOS | ||
| 942 | _n0 | ||
| 999 |
_c77871 _d77871 |
||